Brassói Rádió
Elmentve itt :
| Szerző: | |
|---|---|
| Adatforrás: | Meister |
| Forrásdokumentuma: | Művelődés. - 3 sz., 1998, 7 p. |
| Nyelv: | magyar |
| Kulcsszavak: | intézménytörténet rádió mass-media Brassó Cenk Rádió (Brassó) |
| LEADER | 00433nab a2200169 i 4500 | ||
|---|---|---|---|
| 001 | bibPRO00001427 | ||
| 008 | 060524s1998 xx hun | ||
| 040 | |a Sz1 | ||
| 041 | |a hun | ||
| 100 | 1 | |a KISS Éva Mária | |
| 245 | 1 | 0 | |a Brassói Rádió |c KISS Éva Mária |
| 695 | |a intézménytörténet | ||
| 695 | |a rádió | ||
| 695 | |a mass-media | ||
| 695 | |a Brassó | ||
| 695 | |a Cenk Rádió (Brassó) | ||
| 773 | 0 | |t Művelődés. - |g 3 sz., 1998, 7 p. | |